A filha da noite (Record no. 139787)

MARC details
000 -LÍDER
campo de controle de tamanho fixo 00527 a2200193 4500
001 - NÚMERO DE CONTROLE
campo de controle 139787
040 ## - FONTE DA CATALOGAÇÃO
Instituição que transcreveu o registro Leonardo Da Vinci
041 ## - CÓDIGO DE IDIOMA
Código do idioma do texto/trilha sonora ou título diferente Português
082 ## - CDD - CLASSIFICAÇÃO DECIMAL DE DEWEY
Número de Classificação 813 B79f
Número do exemplar B79f
100 ## - ENTRADA PRINCIPAL--NOME PESSOAL
Nome pessoal BRADLEY, Marion Zimmer
245 ## - TÍTULO
Título A filha da noite
260 ## - PUBLICAÇÃO, DISTRIBUIÇÃO, ETC.
Nome do editor, distribuidor, etc. Imago
Data da publicação, distribuição, etc. 1986
Local de publicação, distribuição, etc. Rio de Janeiro
300 ## - DESCRIÇÃO FÍSICA
Extensão 174
362 ## - DATAS DE PUBLICAÇÃO E/OU DESIGNAÇÃO SEQUENCIAL
Datas de publicação e/ou designação sequencial 19860000
490 ## - TÍTULO DA SÉRIE
Título da série Ficção e experiência interior
500 ## - NOTA GERAL
Nota geral Marcos Roma Santa (Tradução)
697 ## - ENTRADA DE ASSUNTO LOCAL--ENTIDADE COLETIVA (RLIN)
Nome corporativo ou nome da jurisdição Literatura
-- Romance norte-americano
-- Magia
-- Lendas
-- Estados Unidos
942 ## - ELEMENTOS DE ENTRADA ADICIONADOS (KOHA)
Tipo de material Koha Livros
Holdings
Situação do descarte Situação das perdas Situação física Não pode ser emprestado Biblioteca de origem Biblioteca atual Data de aquisição Total de empréstimos Número de chamada completo Código de barras Data de último acesso Data do preço efetivo Tipo de material Koha
        Leonardo Da Vinci - Osasco Leonardo Da Vinci - Osasco 27/03/2024   813 B79f O005269 27/03/2024 27/03/2024 Livros